00684 2200253 4500001002100000005001700021008004100038020001800079035002400097082001200121090001900133100002300152245007100175250001100246260004100257300002300298500003100321650002000352850001500372980001500387985000600402986000900408999001300417YOGYA-0209000000811720090227021059.0 ind  a979-416-411-9 0010-020900000008117 a340.112 a340.112bMah M aMAHENDRA, A.A. Oka aMenguak masalah hukum, demokrasi dan pertanahancA.A. Oka Mahendra aCet. 1 aJakartabPustaka Sinar Harapanc1996 aix, 311 hlmc21 cm aBibliografi : hlm. 306-311 aHukum dan etika aYOPDYOG(B) a13-04-2005 a1 aSofi a04A01045